| 000 | 02631cam a22004695i 4500 | ||
|---|---|---|---|
| 999 |
_c27877 _d27848 |
||
| 001 | 14486000 | ||
| 003 | EG-ScBUE | ||
| 005 | 20191126133558.0 | ||
| 008 | 060808t20072007mdu f b 001 0 eng d | ||
| 020 | _a0801885914 (pbk. : alk. paper) | ||
| 020 | _a9780801885914 (pbk. : alk. paper) | ||
| 035 | _a(OCoLC)ocm70877960 | ||
| 035 | _a(OCoLC)70877960 | ||
| 040 |
_aDLC _beng _erda _cDLC _dBAKER _dC#P _dYDXCP _dBTCTA _dNLGGC _dDLC _dEG-ScBUE |
||
| 043 |
_af-ae--- _aa-tu--- _af-ua--- |
||
| 082 | 0 | 4 |
_a322.5 _bCOO _222 |
| 100 | 1 |
_aCook, Steven A. _eauthor. _932083 |
|
| 245 | 1 | 0 |
_aRuling but not governing : _bthe military and political development in Egypt, Algeria, and Turkey / _cSteven A. Cook. |
| 264 | 1 |
_aBaltimore : _bJohns Hopkins University Press, _c[2007] |
|
| 264 | 4 | _cc2007 | |
| 300 |
_axiii, 189 pages ; _c24 cm |
||
| 336 |
_atext _btxt _2rdacontent |
||
| 337 |
_aunmediated _bn _2rdamedia |
||
| 338 |
_avolume _bnc _2rdacarrier |
||
| 500 | _a"A Council on Foreign Relations book"--P. facing t.p. | ||
| 504 | _aIncludes bibliographical references and index. | ||
| 505 | 0 | _aA logic of regime stability -- The Egyptian, Algerian, and Turkish military enclaves : the contours of the officers' autonomy -- The pouvoir militaire and the failure to achieve a "just mean" -- Institutionalizing a military-founded system -- Turkish paradox : Islamist political power and the Kemalist political order -- Toward a democratic transition? : weakening the patterns of political inclusion and exclusion. | |
| 520 | _aHighlights the critical role that the military plays in the stability of the Egyptian, Algerian, and, Turkish political systems. This study demonstrates that while the soldiers and materiel of Middle Eastern militaries form the obvious outer perimeter of regime protection, it is actually the less apparent that play the decisive role. | ||
| 650 | 7 |
_aCivil-military relations. _2BUEsh |
|
| 650 | 7 |
_aArmed Forces _xPolitical activity. _2BUEsh _99457 |
|
| 650 | 7 |
_aDemocracy. _2BUEsh |
|
| 650 | 7 |
_aDemocratization. _2BUEsh |
|
| 651 | 7 |
_aEgypt _xPolitics and government. _2BUEsh |
|
| 651 | 7 |
_aAlgeria _xPolitics and government. _2BUEsh _923263 |
|
| 651 | 7 |
_aTurkey _xPolitics and government. _2BUEsh _911794 |
|
| 653 |
_bBUSBOL _bMASPPSS _cNovember2019 |
||
| 655 | _vReading book | ||
| 856 | 4 | 1 |
_3Table of contents only _uhttp://www.loc.gov/catdir/toc/ecip0618/2006026075.html |
| 856 | 4 | 2 |
_3Contributor biographical information _uhttp://www.loc.gov/catdir/enhancements/fy0701/2006026075-b.html |
| 856 | 4 | 2 |
_3Publisher description _uhttp://www.loc.gov/catdir/enhancements/fy0701/2006026075-d.html |
| 942 |
_2ddc _cBB |
||